000
00319nam a22001337a 4500
003
OSt
008
231012b |||||||| |||| 00| 0 eng d
041
_a
mal
082
_a
894.8121
_b
SUB
100
_a
Vennikkulam
_9
5521
245
_a
Bharathiyude Kavithakal
260
_a
Kottayam
_b
National Book Stall
_c
1962
942
_c
BK
999
_c
17739
_d
17739